000 00729nam a2200265Ia 4500
003 OSt
005 20220925222311.0
006 a|||||r|||| 00| 0
007 ta
008 220923b |||||||| |||| 00| 0 eng d
020 _a0333751523
037 _cGeneral Book
040 _aRTL
_cRTL
_beng
041 _2eng
_aeng
082 _aRxN29:g, P3
100 _aHow Alan
245 0 _aCritical theory
260 _aLondon
_bPalgrave Macmillan
_c2003
300 _axiii, 204p
_ccm.
490 _aTraditions in Social Theory
500 _aBibliography p.192-201; Glossary p.184-89
650 _aPhilosophy-Habermas
_9231522
942 _hRxN29:g, P3
_cGB
_2CC
999 _c576622
_d576622